| 000 | 00653nam a22001815i 4500 | ||
|---|---|---|---|
| 001 | 47931 | ||
| 003 | ES-MaACL | ||
| 005 | 20230906161650.0 | ||
| 007 | t| | ||
| 008 | 981117s1874 sp ||||1| spa d | ||
| 100 | 1 |
_aCubero, Vidal. _941931 |
|
| 245 | 1 | 3 |
_aLa dictadura económica frente a los presupuestos de 1874-1875 ó sea Proyectos de decretos para la salvación de la Hacienda... / _cpor Vidal Cubero. |
| 260 |
_aMadrid : _b[s.n.], _c1874 ( _fImp. de Manuel Tello) |
||
| 300 |
_a24 p. ; _c21 cm. |
||
| 650 | 4 |
_aPresupuestos- _zEspaña. _9152607 |
|
| 740 | 0 | 2 | _aProyectos de decretos para la salvación de la Hacienda. |
| 852 | 4 |
_aES-MaACL _jT-165-F-2 |
|
| 999 |
_c47931 _d47931 |
||